000 004690000a22001690004500
003 MACL
005 20151230170024.0
008 151230b xxu||||| |||| 00| 0 eng d
040 _aMACL
_cMACL
041 _aEnglish
082 _a294.5512/DAS
100 _aDasa, Svarupa Damodara
_925268
245 _aThe Scientific Basis of Krsna Consciousness
260 _bThe Bhaktivedanta book Trust
_c1975
_aBombay
650 _aReligion
_925270
942 _cBK
_k294.5512/DAS
_2ddc
999 _c36288
_d36288